000 00744nam a2200253Ia 4500
003 OSt
005 20220930200754.0
006 a|||||r|||| 00| 0
007 ta
008 220926b |||||||| |||| 00| 0 hin d
024 _a55172
037 _cDissertations
040 _aCRL
_cCRL
_bhin
041 _2hin
_ahin
100 _aVashisht Kamlesh
_9565225
110 _aUniversity of Delhi. Faculty of Arts. Department of Sanskrit
245 0 _aNaishadh mein dhwani
260 _c1997
650 _aSANSKRIT
700 _a Prof. Sat Pal Narang Gu.
_9565226
700 _aUniversity of Delhi. Faculty of Arts. Department of Sanskrit
942 _cDIS
_2CC
999 _c901030
_d901030